[Event "GER-ch U12 Girls"]
[Site "Willingen"]
[Date "2023.05.30"]
[Round "4"]
[White "Malagatte, Samiksha"]
[Black "Wang, Enya Marie"]
[Result "0-1"]
[WhiteElo "1214"]
[BlackElo "1156"]
[PlyCount "45"]
[EventDate "2023.05.27"]
[EventType "swiss"]
[EventRounds "9"]
[EventCountry "GER"]
[SourceTitle "CBM 214 Extra"]
[Source "ChessBase"]
[SourceDate "2023.07.31"]
[SourceVersion "1"]
[SourceVersionDate "2023.07.31"]
[SourceQuality "1"]

1. e4 c5 2. Nf3 Nc6 3. d4 cxd4 4. Nxd4 g6 5. Be3 Bg7 6. Nc3 Nf6 7. Be2 0-0 8. 0-0 d5 9. exd5 Nxd5 10. Nxc6 bxc6 11. Nxd5 cxd5 12. Bf3 e6 13. Rb1 Rb8 14. c3 Qe7 15. Qd2 Ba6 16. Rfe1 Rfc8 17. Bf4 Rb5 18. Bxd5 Rd8 19. Bg5 Bf6 20. Qc2 Rbxd5 21. Bxf6 Qxf6 22. Red1 Bd3 23. Rxd3 0-1